000 01111nam a22003137a 4500
003 CHAP
005 20220329135137.0
008 971013s1982 r 00010 d
010 _a31617
011 _a32589
035 _a36704
040 _cCHAP
090 _aTesis
100 0 0 _aLópez Azuara, Fernando.
_967690
245 _aDistribución del pasto buffel (Cenchrus ciliaris L.) en Nuevo León, México : características morfológicas de 17 colectas de Buffel en diferentes habitats
260 _aMarín. N.L. :
_bEl autor,
_c1982
300 _a136 h.
_b: apénd.
502 _aTesis (Ing. Agr. Zootecnista) -- Univ. Autónoma de Nuevo León. Fac. de Agronomía
590 _aALEPH
_b10
_c20130110
_lUCH01
_h1253
590 _aBATCH-UPD
_b10
_c20130110
_lUCH01
_h0906
590 _aBATCH-UPD
_b10
_c20130410
_lUCH01
_h0533
590 _aBATCH-UPD
_b10
_c20130914
_lUCH01
_h1903
590 _aCONVERSION
_b10
_c20130109
_lUCH01
_h1318
650 1 4 _aPastos
_xNuevo León.
_986064
650 1 4 _aZacate Buffel.
_9123395
901 _aBK
942 _cTESIS
949 _bBC
_cTES
_d-84494
_eTS1
_h18529
_i36704
_mD
_si
999 _c31617
_d31617